[Event "FRA-ch Blitz Online Qual"]
[Site "Europe Echecs INT"]
[Date "2020.05.16"]
[Round "15"]
[White "Coelho, Laurent"]
[Black "Minde, Baptiste"]
[Result "1-0"]
[WhiteElo "1617"]
[BlackElo "1210"]
[PlyCount "49"]
[EventDate "2020.05.16"]
[EventType "swiss (blitz)"]
[EventRounds "15"]
[EventCountry "FRA"]
[SourceTitle "CBM 196 Extra"]
[Source "ChessBase"]
[SourceDate "2020.07.31"]
[SourceVersion "1"]
[SourceVersionDate "2020.07.31"]
[SourceQuality "1"]

1. e4 e6 2. d4 d5 3. Nc3 Bb4 4. a3 Bxc3+ 5. bxc3 Nf6 6. e5 Ne4 7. Qg4 0-0 8. Bd3 f5 9. exf6 Qxf6 10. Nf3 Nxc3 11. Bg5 Qf7 12. 0-0 e5 13. Qh4 e4 14. Ne5 Qg6 15. Nxg6 exd3 16. Ne7+ Kh8 17. Nxc8 Rxc8 18. cxd3 Re8 19. Rfe1 Nc6 20. Qh5 g6 21. Bf6+ Kg8 22. Qh6 Ne2+ 23. Rxe2 Re7 24. Rxe7 Nxe7 25. Qg7# 1-0